00419nam a2200157Ia 45000010006000000050017000060080041000230410008000640820018000721000035000902450087001252600009002123000026002216500006002476540008002532304820260414150911.0260414t2006||||xx |||||||||||||| ||spa|| aESP a624.1762bV66 aVillarreal Castro, GennereAUT 0aInteracción sísmica :bsuelo-estructura en edificaciones con zapatas aisladas c2006 a125 páginas : ccm. a0 aCIC